000 00971 a2200241 4500
005 20260317120246.0
008 260317b |||||||| |||| 00| 0 eng d
020 _a8126310928 (hbk)
037 _cTB
040 _aCRL
_cCRL
041 _2hin
_ahin
084 _aO152,3N474x P4
_qCRL
100 _aमिश्र, नवनीत
_9860578
245 _aजो नहीं कहा गया
260 _aनई दिल्ली, भारत:
_bभारतीय ज्ञानपीठ,
_c2004.
300 _a154पृ.
365 _b125.00
_cINR
490 _aलोकोदय ग्रंथमाला: ग्रंथांक 766
650 _aहिन्दी कहानी
650 _aहिन्दी साहित्य
942 _cTB
_2CC
_hO152,3N474x P4
999 _c1466661
_d1466661